| Tag |
First Indicator |
Second Indicator |
Subfields |
| LEADER |
00000cam a2200000 a 4500 |
| 001 |
in00002446021 |
| 005 |
20211202190409.0 |
| 006 |
m d f |
| 007 |
cr bn||||||||| |
| 008 |
081218s2008 dcua ob f000 0 eng c |
| 035 |
|
|
|a (OCoLC)ocn288958075
|
| 042 |
|
|
|a pcc
|
| 043 |
|
|
|a n-us---
|
| 040 |
|
|
|a GPO
|b eng
|c GPO
|d OCLCO
|d GPO
|d MvI
|
| 049 |
|
|
|a WWW
|
| 074 |
|
|
|a 1052 (online)
|
| 086 |
0 |
|
|a Y 3.N 88:6-3/1178
|
| 110 |
2 |
|
|a U.S. Nuclear Regulatory Commission.
|b Office of Nuclear Regulatory Research.
|
| 245 |
1 |
0 |
|a Draft regulatory guide DG-1178 :
|b instrument sensing lines.
|
| 246 |
3 |
0 |
|a Instrument sensing lines
|
| 260 |
|
|
|a [Washington, D.C.] :
|b U.S. Nuclear Regulatory Commission, Office of Nuclear Regulatory Research,
|c [2008]
|
| 300 |
|
|
|a 7 p. :
|b digital, PDF file
|
| 336 |
|
|
|a text
|b txt
|2 rdacontent
|
| 337 |
|
|
|a computer
|b c
|2 rdamedia
|
| 338 |
|
|
|a online resource
|b cr
|2 rdacarrier
|
| 538 |
|
|
|a Mode of access: Internet from the NRC web site. Address as of 12/17/2008: http://permanent.access.gpo.gov/lps106570/dg1178.pdf ; current access available via PURL.
|
| 500 |
|
|
|a Title from title screen (viewed Dec. 17, 2008).
|
| 500 |
|
|
|a "December 2008."
|
| 504 |
|
|
|a Includes bibliographical references (p. 6-7).
|
| 650 |
|
0 |
|a Nuclear power plants
|x Safety measures
|x Standards.
|
| 650 |
|
0 |
|a Nuclear power plants
|x Instruments
|x Performance.
|
| 776 |
0 |
8 |
|i Print version:
|a U.S. Nuclear Regulatory Commission.
|b Office of Nuclear Regulatory Research.
|t Draft regulatory guide DG-1178
|w (OCoLC)911057257
|
| 856 |
4 |
0 |
|u https://purl.fdlp.gov/GPO/LPS106570
|t 0
|
| 999 |
f |
f |
|s 4508539c-d30f-3246-b381-5828516ed431
|i 2d12e989-444d-3cda-b7e9-0288e7b4033f
|t 0
|
| 952 |
f |
f |
|a Texas A&M University
|b College Station
|c Electronic Resources
|d Available Online
|t 0
|e Y 3.N 88:6-3/1178
|h Superintendent of Documents classification
|
| 998 |
f |
f |
|a Y 3.N 88:6-3/1178
|t 0
|l Available Online
|